| 000 | 00728cam a22002537a 4500 | ||
|---|---|---|---|
| 001 | 14138087 | ||
| 003 | OSt | ||
| 005 | 20250901165808.0 | ||
| 008 | 051012s2002 tz 000 | swa | ||
| 010 | _a 2005328640 | ||
| 020 | _a9976983085 | ||
| 040 |
_aDLC _cDLC |
||
| 042 | _alcode | ||
| 050 | 0 | 0 | _aPL8704 .M36 2002 |
| 100 | 1 |
_aMbogo, E. _q(Emanuel), _d1947- |
|
| 245 | 1 | 0 |
_aBustani ya edeni / _c[Emmanuel Mbogo]. |
| 260 |
_aDar es Salaam : _bMPB Enterprises, _cc2002. |
||
| 300 |
_a90 p. ; _c20 cm. |
||
| 520 | _aShort story. | ||
| 546 | _aIn Swahili. | ||
| 906 |
_a7 _bcbc _corigode _d4 _encip _f20 _gy-gencatlg |
||
| 942 |
_2lcc _cBK |
||
| 999 |
_c9334 _d9334 |
||